Samakaleen natakom mein adhunikatha bhodh/ (Record no. 71616)

000 -LEADER
fixed length control field 00446nam a22001577a 4500
020 ## - INTERNATIONAL STANDARD BOOK NUMBER
International Standard Book Number 9789380760193
082 ## - DEWEY DECIMAL CLASSIFICATION NUMBER
Classification number H200 7
Item number NIK/S
100 ## - MAIN ENTRY--PERSONAL NAME
Personal name Nikhath Nasre Kajhi
9 (RLIN) 46672
245 ## - TITLE STATEMENT
Title Samakaleen natakom mein adhunikatha bhodh/
Statement of responsibility, etc. by Nikhath Nasre Kajhi
260 ## - PUBLICATION, DISTRIBUTION, ETC.
Place of publication, distribution, etc. Kanpur:
Name of publisher, distributor, etc. Athul Prakashan,
Date of publication, distribution, etc. 2014.
300 ## - PHYSICAL DESCRIPTION
Extent 184p.
650 ## - SUBJECT ADDED ENTRY--TOPICAL TERM
Topical term or geographic name entry element Drama Hindi Study
9 (RLIN) 46673
650 ## - SUBJECT ADDED ENTRY--TOPICAL TERM
Topical term or geographic name entry element Literature Hindi
9 (RLIN) 46674
650 ## - SUBJECT ADDED ENTRY--TOPICAL TERM
Topical term or geographic name entry element Literature
9 (RLIN) 46675
942 ## - ADDED ENTRY ELEMENTS (KOHA)
Koha item type Book
Holdings
Withdrawn status Lost status Damaged status Not for loan Permanent Location Current Location Shelving location Date acquired Cost, normal purchase price Total Checkouts Total Renewals Full call number Barcode Date last seen Date last checked out Price effective from Koha item type
        Sree Sankaracharya University of Sanskrit Sree Sankaracharya University of Sanskrit Stacks 25.05.2018 400.00 5 1 H200 7 NIK/S 089760 08.12.2022 05.12.2022 25.05.2018 Book